Normal view
MARC view
Entry Corporate Name
001 - CONTROL NUMBER
- control field: 7356
003 - CONTROL NUMBER IDENTIFIER
- control field: ARRUPE
005 - DATE AND TIME OF LATEST TRANSACTION
- control field: 20140130140442.0
008 - FIXED-LENGTH DATA ELEMENTS
- fixed length control field: 140130|| aca||aabn | a|a d
040 ## - CATALOGING SOURCE
- Original cataloging agency: ARRUPE
- Transcribing agency: ARRUPE
110 ## - HEADING--CORPORATE NAME
- Corporate name or jurisdiction name as entry element: Catholic Church
- Geographic subdivision: Canada.
670 ## - SOURCE DATA FOUND
- Source citation: Work cat.: (ARRUPE)0: De Roo, Remi J. 7355, Cries of victims, voice of God /, 1986.